| 000 | 00697cab a2200217 4500 | ||
|---|---|---|---|
| 001 | WB3422-29 | ||
| 008 | 090401t1998 xxu||||| |||| 00| 0 eng d | ||
| 035 | _a(Sirsi) u86790 | ||
| 041 | _aeng | ||
| 245 | _aAtkins attacks bidding scheme | ||
| 260 | _c1998 | ||
| 350 | _a0 | ||
| 490 |
_aFinancial Times _v12 June 1998, 22(1) |
||
| 520 | _aWS Atkins, the consulting engineer and facilities management group, has attacked the complexity and expense of bidding for contracts under the private finance initiative. | ||
| 650 | _aPFI | ||
| 650 | _aPRIVATE FINANCE INITIATIVE | ||
| 650 | _aWS ATKINS | ||
| 690 | _aPROPERTY-PROPERTY FINANCE AND INVESTMENT | ||
| 942 | _n0 | ||
| 948 | _c12/06/1998 | ||
| 999 |
_c54660 _d54660 |
||